| 000 | 00392nab a2200145Ia 4500 | ||
|---|---|---|---|
| 003 | ES-SlBCS | ||
| 005 | 20210601131729.0 | ||
| 008 | 140529s1954 xxu||||| |||| 00| 0 fre d | ||
| 041 | _afre | ||
| 100 | 1 |
_aRaillon, Louis _9188386 |
|
| 245 | 0 | 0 |
_aTrop d'enfants? _c Louis Raillon |
| 650 | 0 | 4 |
_aNiños _9113674 |
| 773 | 0 |
_tVie Intelectuelle (La) _gnº. 3, 1954, págs. 45-50 _wRev907 |
|
| 942 | _cAR | ||
| 999 |
_c567805 _d567805 |
||